Gaia: el futuro del arca
Gardado en:
| Autor Principal: | |
|---|---|
| Formato: | Libro |
| Idioma: | Lingua castelá |
| Publicado: |
Madrid
Hermann Blume
1988
|
| Subjects: | |
| Tags: |
Engadir etiqueta
Sen Etiquetas, Sexa o primeiro en etiquetar este rexistro!
|
MARC
| LEADER | 00000nam a2200000 a 4500 | ||
|---|---|---|---|
| 001 | UCN7387 | ||
| 003 | CL-VaPUC | ||
| 008 | 011018e19880000SP |||||||||||||||||spa|d | ||
| 082 | 0 | 4 | |a 577 |b DUR |2 21 |
| 100 | 0 | |a Durrell, Lee |e author |9 463362 | |
| 245 | 1 | 0 | |a Gaia: el futuro del arca |
| 300 | |a 224 p | ||
| 942 | |c BK | ||
| 945 | |d 20011018 00:00:00 |a cmena | ||
| 260 | |a Madrid |b Hermann Blume |c 1988 | ||
| 650 | 0 | |a Ecología |9 258124 | |
| 650 | 0 | |a Recursos naturales |9 255232 | |
| 650 | 0 | |a Gestión ambiental |9 338121 | |
| 650 | 7 | |a CONSERVACION DE RECURSOS NATURALES |2 CL-VaPUC |9 358846 | |
| 650 | 0 | |a Ecosistemas |9 261477 | |
| 650 | 0 | |a Política ambiental |9 262970 | |
| 583 | |a last modification |c 20011018 00:00:00 |k Rodrigo Vera | ||
| 999 | |c 297752 |d 297750 | ||
| 952 | |0 0 |1 0 |4 0 |6 577_000000000000000_DUR_1988 |7 0 |8 F |9 352714 |a BIBING |b BIBING |d 2019-11-21 |i 3763846 |o 577 DUR 1988 |p 3763846 |r 2025-01-20 |w 2019-11-21 |y BK_F |k GEO | ||